| 000 | 00390nam a2200145 a 4500 | ||
|---|---|---|---|
| 001 | 2123 | ||
| 003 | CDMR | ||
| 005 | 20130116135224.0 | ||
| 008 | 130130s1998||||||||||||||||||||||||||||d | ||
| 040 |
_aCDMR _bcat _cCPC LLEIDA |
||
| 100 | 1 |
_aAgustí Farreny, Alfred _91580 |
|
| 245 | 1 | 3 |
_aLa llengua catalana a la ciutat de Lleida _cAGUSTÍ FARRENY, Alfred |
| 260 |
_aLleida _c1998 _bUdL |
||
| 942 | _cMON | ||
| 999 |
_c2123 _d2123 |
||